| 000 | 00445nam a2200181Ia 4500 | ||
|---|---|---|---|
| 008 | 230711s9999||||xx |||||||||||||| ||und|| | ||
| 020 | _a978-81-265-2051-0 | ||
| 041 | _aENG | ||
| 082 |
_a5 _bSI-O |
||
| 100 | _aGalvin,Peter Baer | ||
| 245 | 0 | _aOperating system concepts | |
| 250 | _a8th . Ed. | ||
| 260 |
_c2015 _aNew Delhi _bWiley & Sons |
||
| 300 | _a951 | ||
| 650 | _aComputer Engineering | ||
| 700 | _aSilberschatz,Abraham | ||
| 942 | _cBK | ||
| 999 |
_c4695 _d4695 |
||